[Event "Titled Tuesday intern op 13th Aug Late"]
[Site "Chess.com INT"]
[Date "2024.08.13"]
[Round "1"]
[White "Escobar Dominguez, Daniel"]
[Black "Huseynova, Lala"]
[Result "1-0"]
[WhiteElo "2296"]
[BlackElo "1984"]
[PlyCount "85"]
[EventDate "2024.08.13"]
[EventType "swiss (blitz)"]
[EventRounds "11"]
[EventCountry "USA"]
[SourceTitle "EXT 2025"]
[Source "ChessBase"]
[SourceDate "2024.10.14"]
[SourceVersion "1"]
[SourceVersionDate "2024.10.14"]
[SourceQuality "1"]

1. e4 c5 2. Nf3 d6 3. d4 cxd4 4. Nxd4 Nf6 5. Nc3 a6 6. f4 e5 7. Nf3 Bg4 8. fxe5 Bxf3 9. Qxf3 dxe5 10. Bc4 Bb4 11. Bd2 0-0 12. 0-0-0 Qc7 13. Bb3 Nc6 14. Bg5 Nd4 15. Qd3 Bxc3 16. bxc3 Nxb3+ 17. axb3 Qc6 18. Bxf6 Qxf6 19. Rhf1 Qe7 20. Kb2 Rad8 21. Qg3 f6 22. c4 b5 23. cxb5 axb5 24. Rxd8 Rxd8 25. Qc3 Qd6 26. Ra1 Qd4 27. Qxd4 Rxd4 28. Re1 b4 29. Re2 Kf7 30. c3 bxc3+ 31. Kxc3 Ke6 32. b4 Kd6 33. Ra2 Rxe4 34. Ra7 Rg4 35. g3 f5 36. Ra6+ Kd5 37. Ra5+ Ke4 38. b5 Rg6 39. Ra6 Rg4 40. b6 Kd5 41. b7 Rc4+ 42. Kb3 Rc1 43. Kb2 1-0

[Event "Titled Tuesday intern op 13th Aug Late"]
[Site "Chess.com INT"]
[Date "2024.08.13"]
[Round "6"]
[White "Escobar Dominguez, Daniel"]
[Black "Zampronha, Wladimir Camilo"]
[Result "1-0"]
[WhiteElo "2296"]
[BlackElo "2119"]
[PlyCount "75"]
[EventDate "2024.08.13"]
[EventType "swiss (blitz)"]
[EventRounds "11"]
[EventCountry "USA"]
[SourceTitle "EXT 2025"]
[Source "ChessBase"]
[SourceDate "2024.10.14"]
[SourceVersion "1"]
[SourceVersionDate "2024.10.14"]
[SourceQuality "1"]

1. e4 c5 2. Nf3 e6 3. g3 Nc6 4. Bg2 Nf6 5. Nc3 d6 6. 0-0 Be7 7. d4 cxd4 8. Nxd4 0-0 9. Nxc6 bxc6 10. e5 dxe5 11. Bxc6 Rb8 12. Qe2 Qa5 13. a4 Ba6 14. Bb5 Bxb5 15. Nxb5 Rfd8 16. Be3 a6 17. Na3 Bxa3 18. Rxa3 Rxb2 19. Rb3 Rxb3 20. cxb3 Qb4 21. Qxa6 Qxb3 22. a5 Nd5 23. Bc5 Qc2 24. Bb6 Rc8 25. Qb7 h5 26. h4 Nf4 27. gxf4 exf4 28. Qf3 Rc3 29. Qxh5 f3 30. a6 Ra3 31. a7 Qc6 32. Be3 Ra4 33. Rc1 Qb7 34. Rd1 Qe7 35. Qxf3 Qxh4 36. a8Q+ Rxa8 37. Qxa8+ Kh7 38. Qh1 1-0

[Event "Andalucia-chT Honor Occidental"]
[Site "Andalucia"]
[Date "2018.11.18"]
[Round "7.6"]
[White "Escobar Dominguez, Daniel"]
[Black "Diaz Castro, Ismael"]
[Result "1-0"]
[WhiteElo "2347"]
[BlackElo "2233"]
[PlyCount "87"]
[EventDate "2018.09.30"]
[EventType "team-tourn"]
[EventRounds "7"]
[EventCountry "ESP"]
[SourceTitle "EXT 2020"]
[Source "ChessBase"]
[SourceDate "2019.10.17"]
[SourceVersion "1"]
[SourceVersionDate "2019.10.17"]
[SourceQuality "1"]
[WhiteTeam "Shahmat"]
[BlackTeam "Vistazul Tiempo y Mente"]
[WhiteTeamCountry "ESP"]
[BlackTeamCountry "ESP"]

1. e4 e5 2. Nf3 Nc6 3. Bb5 Bc5 4. c3 Nf6 5. d4 Bb6 6. Nxe5 Nxe5 7. dxe5 Nxe4 8. Qg4 Bxf2+ 9. Ke2 Qh4 10. Qxg7 Rf8 11. Bh6 Bc5 12. Nd2 c6 13. g3 Qh5+ 14. g4 Qh3 15. Nxe4 Qg2+ 16. Kd3 Qf3+ 17. Kd2 Qxe4 18. Rhe1 Qd5+ 19. Bd3 Kd8 20. Qxh7 Re8 21. Bg5+ Be7 22. Qh4 b5 23. Kc2 b4 24. c4 Qc5 25. Rad1 a5 26. Kb1 Kc7 27. Bxe7 Rxe7 28. Qf6 Ba6 29. Qf4 Kb6 30. h4 a4 31. h5 a3 32. b3 Rae8 33. h6 f6 34. h7 Rxe5 35. Rxe5 fxe5 36. Qh2 Qd4 37. Qg1 Qxg1 38. Rxg1 d5 39. g5 e4 40. Bxe4 dxe4 41. g6 Bc8 42. g7 e3 43. g8Q Bf5+ 44. Kc1 1-0

[Event "Andalucia-chT Honor Occidental"]
[Site "Andalucia"]
[Date "2018.11.17"]
[Round "6.11"]
[White "Lopez Gonzalez, Daniel"]
[Black "Escobar Dominguez, Daniel"]
[Result "0-1"]
[WhiteElo "2244"]
[BlackElo "2347"]
[PlyCount "70"]
[EventDate "2018.09.30"]
[EventType "team-tourn"]
[EventRounds "7"]
[EventCountry "ESP"]
[SourceTitle "EXT 2020"]
[Source "ChessBase"]
[SourceDate "2019.10.17"]
[SourceVersion "1"]
[SourceVersionDate "2019.10.17"]
[SourceQuality "1"]
[WhiteTeam "Espartinas Alekhine"]
[BlackTeam "Shahmat"]
[WhiteTeamCountry "ESP"]
[BlackTeamCountry "ESP"]

1. Nf3 Nf6 2. c4 e6 3. g3 d5 4. Bg2 Be7 5. 0-0 0-0 6. d4 dxc4 7. Qc2 a6 8. Qxc4 b5 9. Qc2 Bb7 10. Bf4 Nc6 11. Rd1 Nb4 12. Qc1 Rc8 13. a3 Nbd5 14. b4 a5 15. Nbd2 axb4 16. axb4 Nxf4 17. gxf4 Bxb4 18. Nb3 Bd5 19. Qb2 Ne4 20. Rdc1 Qf6 21. e3 Bd6 22. Ne5 Qh4 23. f3 Nf6 24. Nc5 c6 25. Ncd3 Nh5 26. Qf2 Qe7 27. Nc5 f6 28. Ned3 Bc4 29. Qd2 e5 30. Bh3 Rcd8 31. Bg4 exd4 32. exd4 Bxc5 33. Nxc5 Qxc5 34. dxc5 Rxd2 35. Bxh5 f5 0-1

[Event "Andalucia-chT Honor Occidental"]
[Site "Andalucia"]
[Date "2018.09.30"]
[Round "1.16"]
[White "Balbuena Fuentes, Mario"]
[Black "Escobar Dominguez, Daniel"]
[Result "1/2-1/2"]
[WhiteElo "2297"]
[BlackElo "2347"]
[PlyCount "85"]
[EventDate "2018.09.30"]
[EventType "team-tourn"]
[EventRounds "7"]
[EventCountry "ESP"]
[SourceTitle "EXT 2020"]
[Source "ChessBase"]
[SourceDate "2019.10.17"]
[SourceVersion "1"]
[SourceVersionDate "2019.10.17"]
[SourceQuality "1"]
[WhiteTeam "Gomez Feria CAS"]
[BlackTeam "Shahmat"]
[WhiteTeamCountry "ESP"]
[BlackTeamCountry "ESP"]

1. b3 Nf6 2. Bb2 e6 3. Nf3 d5 4. e3 Be7 5. d4 0-0 6. Bd3 Nbd7 7. Nbd2 c5 8. 0-0 b6 9. Qe2 Bb7 10. c4 Ne4 11. Rfd1 cxd4 12. exd4 f5 13. Rac1 a6 14. Rc2 Bd6 15. Nf1 Qe7 16. Ne3 Rac8 17. Rdc1 a5 18. cxd5 Rxc2 19. Rxc2 exd5 20. Ba6 Ba8 21. Qb5 Nb8 22. Qxb6 Qe6 23. Ne5 f4 24. Nf1 Nxa6 25. Qxa6 f3 26. gxf3 Qh3 27. fxe4 Bxe5 28. Qe2 Bf4 29. e5 Bb7 30. Ng3 Bxg3 31. hxg3 Bc8 32. Qf1 Qh5 33. f4 Bf5 34. Rh2 Qg4 35. Qe1 Be4 36. Rh4 Qf3 37. Qf2 Qd3 38. Ba3 Qd1+ 39. Qf1 Qxd4+ 40. Qf2 Qd1+ 41. Qf1 Qd4+ 42. Qf2 Qd1+ 43. Qf1 1/2-1/2

[Event "ESP-chT CECLUB Div2"]
[Site "Linares"]
[Date "2014.08.18"]
[Round "1.4"]
[White "Mate Adan, Carlos"]
[Black "Escobar Dominguez, Daniel"]
[Result "1-0"]
[WhiteElo "2267"]
[BlackElo "2338"]
[PlyCount "35"]
[EventDate "2014.08.18"]
[EventType "team-swiss"]
[EventRounds "6"]
[EventCountry "ESP"]
[SourceTitle "CBM 162 Extra"]
[Source "ChessBase"]
[SourceDate "2014.10.17"]
[SourceVersion "1"]
[SourceVersionDate "2014.10.17"]
[SourceQuality "1"]
[WhiteTeam "Salcedo Pielagos"]
[BlackTeam "Cadiz Shahmat"]
[WhiteTeamCountry "ESP"]
[BlackTeamCountry "ESP"]

1. e4 c5 2. g3 Nc6 3. Bg2 g6 4. d3 Bg7 5. f4 e6 6. Nf3 Nge7 7. 0-0 b5 8. c3 b4 9. Be3 Qa5 10. Nbd2 bxc3 11. Nc4 cxb2 12. Rb1 Qc3 13. Rxb2 Bd4 14. Nxd4 Nxd4 15. Qb1 Ndc6 16. e5 d5 17. Rb3 Qxb3 18. Nd6+ 1-0

[Event "ESP-chT Gp1"]
[Site "Burguillos"]
[Date "2008.08.16"]
[Round "5"]
[White "Escobar Dominguez, Daniel"]
[Black "Cuenca Jimenez, Jose Fernando"]
[Result "0-1"]
[WhiteElo "2357"]
[BlackElo "2448"]
[PlyCount "98"]
[EventDate "2008.08.13"]
[EventType "team-tourn"]
[EventRounds "6"]
[EventCountry "ESP"]
[SourceTitle "CBM 126 Extra"]
[Source "ChessBase"]
[SourceDate "2008.11.05"]
[SourceVersion "1"]
[SourceVersionDate "2008.11.05"]
[SourceQuality "1"]

1. e4 d6 2. d4 Nf6 3. Nc3 e5 4. Nf3 Nbd7 5. Bc4 Be7 6. 0-0 0-0 7. Re1 c6 8. a4 b6 9. Ba2 a6 10. Be3 Ng4 11. Bd2 Ngf6 12. Be3 Qc7 13. Nh4 exd4 14. Bxd4 Ne5 15. h3 Rb8 16. f4 Ng6 17. e5 Ne8 18. e6 Nxh4 19. exf7+ Rxf7 20. Bxf7+ Kxf7 21. Qh5+ Kf8 22. Ne4 h6 23. Nf6 Nxf6 24. Bxf6 Nf5 25. Bxe7+ Nxe7 26. Re2 Bd7 27. Rae1 Ng8 28. g4 Nf6 29. Qh4 Re8 30. g5 Rxe2 31. Rxe2 Ng8 32. Qh5 Qc8 33. Qg6 Qc7 34. f5 hxg5 35. Qxg5 d5 36. Rg2 Be8 37. h4 Nf6 38. Qd2 c5 39. a5 bxa5 40. Qe2 Qd6 41. Qd2 a4 42. Qg5 Qe7 43. c3 Bh5 44. Qg3 Ng4 45. f6 Nxf6 46. Qb8+ Kf7 47. Rf2 Bg6 48. Kf1 Bd3+ 49. Kg2 Qe4+ 0-1

[Event "ESP-ch op"]
[Site "Seville"]
[Date "2004.08.21"]
[Round "9"]
[White "Escobar Dominguez, Daniel"]
[Black "Barrero Garcia, Carlos"]
[Result "1/2-1/2"]
[WhiteElo "2339"]
[BlackElo "2268"]
[PlyCount "25"]
[EventDate "2004.08.13"]
[EventType "swiss"]
[EventRounds "9"]
[EventCountry "ESP"]
[SourceTitle "CBM 101 Extra"]
[Source "ChessBase"]
[SourceDate "2004.09.01"]
[SourceVersion "2"]
[SourceVersionDate "2004.09.01"]
[SourceQuality "1"]

1. e4 e6 2. d4 d5 3. Nc3 Bb4 4. e5 c5 5. a3 Bxc3+ 6. bxc3 Qc7 7. Qg4 f5 8. Qg3 cxd4 9. cxd4 Ne7 10. Bd2 0-0 11. Bd3 b6 12. Ne2 Ba6 13. Nf4 1/2-1/2

[Event "ESP-ch op"]
[Site "Seville"]
[Date "2004.08.15"]
[Round "3"]
[White "Saldano Dayer, Horacio"]
[Black "Escobar Dominguez, Daniel"]
[Result "1/2-1/2"]
[WhiteElo "2474"]
[BlackElo "2339"]
[PlyCount "69"]
[EventDate "2004.08.13"]
[EventType "swiss"]
[EventRounds "9"]
[EventCountry "ESP"]
[SourceTitle "CBM 101 Extra"]
[Source "ChessBase"]
[SourceDate "2004.09.01"]
[SourceVersion "2"]
[SourceVersionDate "2004.09.01"]
[SourceQuality "1"]

1. e4 c5 2. Nf3 e6 3. Nc3 a6 4. d4 cxd4 5. Nxd4 Qc7 6. Bd3 Nf6 7. 0-0 Be7 8. Qe2 d6 9. f4 Nbd7 10. Nf3 e5 11. fxe5 Nxe5 12. Nxe5 dxe5 13. Bg5 Be6 14. Bxf6 Bxf6 15. Nd5 Qc5+ 16. Kh1 Bg5 17. b4 Qd6 18. c4 0-0 19. c5 Qc6 20. Bc4 Kh8 21. Nb6 Rad8 22. Rad1 Bf4 23. Rxd8 Rxd8 24. Rd1 Rd4 25. Nd5 Rxd1+ 26. Qxd1 Bg5 27. Qd3 Qd7 28. Qc3 Qa4 29. Bb3 Qb5 30. Bc4 Qa4 31. Bb3 Qb5 32. Qc4 Qxc4 33. Bxc4 Bd2 34. Bb3 g6 35. Kg1 1/2-1/2

[Event "Cadiz op 17th"]
[Site "San Fernando"]
[Date "2003.07.20"]
[Round "4.1"]
[White "Escobar Dominguez, Daniel"]
[Black "Cheparinov, Ivan"]
[Result "1/2-1/2"]
[WhiteElo "2297"]
[BlackElo "2529"]
[PlyCount "97"]
[EventDate "2003.07.18"]
[EventType "swiss"]
[EventRounds "8"]
[EventCountry "ESP"]
[SourceTitle "CBM 095 Extra"]
[Source "ChessBase"]
[SourceDate "2003.09.04"]
[SourceVersion "1"]
[SourceVersionDate "2003.09.04"]
[SourceQuality "1"]

1. e4 c5 2. Nf3 d6 3. c3 Nf6 4. Be2 Bd7 5. e5 dxe5 6. Nxe5 Nc6 7. Nxd7 Qxd7 8. d3 e6 9. Nd2 Be7 10. Nf3 0-0 11. 0-0 Rad8 12. Qc2 Nd5 13. Re1 e5 14. a3 f5 15. b4 cxb4 16. axb4 a6 17. Qb3 Kh8 18. Bf1 Bf6 19. Bg5 Rfe8 20. Rad1 Bxg5 21. Nxg5 Qe7 22. Nf3 Qf6 23. Qc4 Re7 24. Rd2 g5 25. d4 e4 26. Ne5 Nb6 27. Qb3 Nxe5 28. dxe5 Rxe5 29. Rxd8+ Qxd8 30. c4 Qe7 31. Qc3 Nd7 32. c5 a5 33. bxa5 Nxc5 34. Rd1 Kg7 35. Rd5 Kf6 36. Qd4 g4 37. Bc4 Nd3 38. Rd6+ Kg5 39. g3 Kh5 40. h3 gxh3 41. Bb3 f4 42. Kh2 Nxf2 43. Bf7+ Kg4 44. Qxf2 Qxf7 45. Rh6 Rh5 46. Qe2+ Kg5 47. Rxh5+ Qxh5 48. gxf4+ Kh6 49. Qxe4 1/2-1/2

[Event "El Puerto St Maria op 17th"]
[Site "Cadiz"]
[Date "2002.07.30"]
[Round "2.3"]
[White "Gaviria Velazquez, Gustavo"]
[Black "Escobar Dominguez, Daniel"]
[Result "0-1"]
[WhiteElo "1959"]
[BlackElo "2031"]
[PlyCount "84"]
[EventDate "2002.07.29"]
[EventType "swiss"]
[EventRounds "7"]
[EventCountry "ESP"]
[SourceTitle "EXT 2004"]
[Source "ChessBase"]
[SourceDate "2003.11.25"]
[SourceVersion "1"]
[SourceVersionDate "2003.11.25"]
[SourceQuality "1"]

1. e4 e5 2. Nc3 Bc5 3. Nf3 d6 4. Na4 Bb6 5. Nxb6 axb6 6. Be2 Nc6 7. 0-0 Nf6 8. d3 h6 9. h3 0-0 10. Nh2 Nh7 11. f4 f5 12. exf5 exf4 13. Bxf4 Bxf5 14. Bg4 Qf6 15. c3 Qe6 16. d4 Qe4 17. Qb3+ Kh8 18. Rae1 Qc2 19. Bxh6 Qxb3 20. axb3 Bxg4 21. Nxg4 gxh6 22. Nxh6 Rae8 23. g4 Kg7 24. Nf5+ Kg6 25. Kg2 Nf6 26. Nh4+ Kg7 27. Nf5+ Kh7 28. Ng3 Rxe1 29. Rxe1 Re8 30. Rxe8 Nxe8 31. h4 Na5 32. b4 Nc4 33. Kf3 Nxb2 34. g5 Nd1 35. Ne2 Kg6 36. Nf4+ Kf5 37. g6 Nxc3 38. h5 Kg5 39. Ne6+ Kxh5 40. Nxc7 Ng7 41. Na8 Kxg6 42. Nxb6 Kf5 0-1

[Event "ESP-ch U18"]
[Site "Los Barrios"]
[Date "1995.??.??"]
[Round "4"]
[White "Del Rio de Angelis, Salvador Gabriel"]
[Black "Escobar Dominguez, Daniel"]
[Result "1-0"]
[WhiteElo "2365"]
[BlackElo "2265"]
[PlyCount "91"]
[EventDate "1995.??.??"]
[EventType "swiss"]
[EventRounds "8"]
[EventCountry "ESP"]
[SourceTitle "EXT 1998"]
[Source "ChessBase"]
[SourceDate "1997.11.17"]
[SourceVersion "1"]
[SourceVersionDate "1997.11.17"]
[SourceQuality "1"]

1. e4 e5 2. Nf3 Nf6 3. Nc3 Nc6 4. d4 Bb4 5. Nxe5 Nxe4 6. Qg4 Nxc3 7. Qxg7 Ne4+ 8. c3 Qf6 9. Qxf6 Nxf6 10. Nxc6 Bxc3+ 11. bxc3 bxc6 12. Bd3 d6 13. 0-0 Be6 14. c4 Rg8 15. f3 Kd7 16. Kf2 h5 17. h4 Rab8 18. Bg5 Rb2+ 19. Kg1 Ne8 20. Rfb1 Rxb1+ 21. Rxb1 f6 22. Bh6 Rh8 23. Be3 Ng7 24. Rb7 Bf5 25. Bf1 Ra8 26. d5 c5 27. Bd2 Kc8 28. Rb2 Rb8 29. Rxb8+ Kxb8 30. Bc3 Ne8 31. Kf2 c6 32. dxc6 Kc7 33. Ke3 Kxc6 34. Bd3 Bxd3 35. Kxd3 f5 36. Ke3 d5 37. cxd5+ Kxd5 38. Kf4 Ke6 39. Kg5 c4 40. Kxh5 Nf6+ 41. Kg6 Nd5 42. h5 Nxc3 43. h6 Ne2 44. h7 c3 45. h8Q c2 46. Qc8+ 1-0

[Event "ESP-ch U18"]
[Site "Los Barrios"]
[Date "1995.??.??"]
[Round "6"]
[White "Vallejo Pons, Francisco"]
[Black "Escobar Dominguez, Daniel"]
[Result "1-0"]
[WhiteElo "2325"]
[BlackElo "2265"]
[PlyCount "57"]
[EventDate "1995.??.??"]
[EventType "swiss"]
[EventRounds "8"]
[EventCountry "ESP"]
[SourceTitle "EXT 1998"]
[Source "ChessBase"]
[SourceDate "1997.11.17"]
[SourceVersion "1"]
[SourceVersionDate "1997.11.17"]
[SourceQuality "1"]

1. e4 e5 2. Bc4 Nf6 3. d3 Nc6 4. Nf3 d6 5. Ng5 d5 6. exd5 Na5 7. Bb5+ c6 8. dxc6 bxc6 9. Ba4 Bc5 10. c3 h6 11. Nf3 Qb6 12. 0-0 Bd6 13. Re1 0-0 14. Nxe5 Bxe5 15. Rxe5 Ng4 16. Re2 Qc7 17. g3 Rd8 18. Bf4 Qd7 19. Na3 g5 20. Bd2 Nxh2 21. Kxh2 Qh3+ 22. Kg1 Bg4 23. Qf1 Qh5 24. Re3 Bh3 25. Qe2 Qg6 26. g4 Bxg4 27. Qxg4 f5 28. Qg2 f4 29. Re5 1-0